Lebanon presidents list - Statistics

General Stats
  • This quiz has been taken 170 times
  • The average score is 7 of 13
Answer Stats
Hint Answer % Correct
13 michel aoun
96%
7 Bachir Gemayel
76%
8 Amin Gemayel
71%
11 Emile Lahoud
66%
1 Bechara El Khoury
64%
2 Camille Chamoun
64%
3 Fouad Chehab
55%
12 Michel Suleiman
54%
10 Elias Hrawi
48%
6 Elias Sarkis
47%
9 Rene Mouawad
39%
4 Charles Helou
38%
5 Suleiman Franjieh
29%
No matching quizzes found
Score Distribution
Percent of People with Each Score
Percentile by Number Answered
Your Score History
You have not taken this quiz